000
00279nam a22001217a 4500
008
170524b xxu||||| |||| 00| 0 eng d
041
_a
GER
080
_a
621.3
100
_a
26
101
_a
IM
245
_a
AUSBILDUNG ZUR SICHERHEITSFACHKRAFT
_c
CHOCHOLOUS, J
942
_2
udc
_c
BK
999
_c
14071
_d
14071